| 000 | 00639nam a2200193Ia 4500 | ||
|---|---|---|---|
| 008 | 0000001992 a 0000000000ger00 | ||
| 090 | _aPRU00 P27a | ||
| 100 | 1 |
_aPerfilyev, AleXei _d1950 |
|
| 245 | 1 | 0 | _aAlexei Perfilyev |
| 300 |
_a[64] p. _c/ 29 cm. |
||
| 500 | _atexto bilingue : ruso inglés \ Con el patronazgo del maestro venezolano Jesús Rafael Soto (q.e.p.d.) \ | ||
| 600 | 0 | 0 |
_aPERFILYEV, ALEXEI, 1950/ _xTRABAJOS PICTORICOS |
| 650 | 1 | 4 | _aARTE CONTEMPORANEO RUSO |
| 650 | 1 | 4 | _xCATALOGOS |
| 650 | 1 | 4 | _xEXPOSICIONES |
| 650 | 1 | 4 | _aPINTORES RUSOS |
| 650 | 1 | 4 | _aPINTURA RUSA |
| 999 |
_c5054 _d5054 |
||
| 260 |
_a<s.l. : s.n.> _c1992 |
||